| 000 | 00310 a2200121 4500 | ||
|---|---|---|---|
| 001 | 60256 | ||
| 082 | _a518.22 CHA | ||
| 090 |
_c36998 _d36998 |
||
| 100 | _aChapra.S.C | ||
| 245 | _aApplied Numerical Methods With Matlab for Engineering and Scientists | ||
| 260 |
_aLondon _bMcGraw Hill _c2005 |
||
| 300 | _a384 | ||
| 942 |
_acaenust _k518.22 CHA |
||
| 999 |
_c295329 _d295329 |
||